00632nam a2200217 a 450000100060000000300080000600500170001400800410003103500190007204000270009104100080011808200250012610000390015124500470019025000220023726000450025930000260030450000190033065100310034965100340038063900BD-RjUL20211209081242.0040217s1959 ii b 001 0 eng d a(BD-RjUL)64030 aESUcESUdBD-RjULbeng aeng 223a940.28bHAE 19591 aHazen, Charles Downer,d1868-1941.10aEurope since 1815 /cCharles Downer Hazen  aRev. and enl. ed. aCalcutta :bThe world press ltd.,c1959. axiv, 784 p. ;c22 cm. aIncludes index 0aEuropexHistoryy1789-1900 0aEuropexHistoryy20th century